España : semanario de la vida nacional semanario de la vida nacional
Descripción Física:
5 vols. enquadernats ; 32-40 cm. ; Il. ; periodicitat: setmanal
MARC
| LEADER | 00000nas a2200000 a 4500 | ||
|---|---|---|---|
| 001 | 14482, 14483, 14509, 14510, 14511 | ||
| 003 | Arxiu | ||
| 005 | 20260324181049.0 | ||
| 008 | 160829s1915 - [1924] xx 000 0 cat d | ||
| 008 | 160829s9999 xx 000 0 cat d | ||
| 245 | |a España : |b semanario de la vida nacional | ||
| 260 | |a Madrid : |b [s.n.] ; |c 1915 - [1924] | ||
| 300 | |a 5 vols. enquadernats ; |c 32-40 cm. ; |b Il. ; periodicitat: setmanal | ||
| 310 | |a Setmanal | ||
| 362 | |a Año 1, no. 1 (29 enero 1915)-año 10, no. 415 (29 marzo 1924) | ||
| 590 | |a Les dimensions varien. | ||
| 590 | |a Directors: José Ortega y Gasset (1915); Luis Araquistain (1916-1922); Manuel Azaña (1923-1924). | ||
| 590 | |a Portades il·lustrades | ||
| 650 | |a Política |x Revistes |9 47958 | ||
| 650 | |a Literatura |x Revistes |9 39811 | ||
| 650 | 0 | |a Informació general |v Revistes |9 11487 | |
| 866 | |a Any 1 (1915), núms. 1-49 | ||
| 866 | |a Any 2 (1916), núms. 50, 52-73 | ||
| 866 | |a Any 3 (1917), núms. 102-142 | ||
| 866 | |a Any 4 (1918), núms. 143-183, 185-194 | ||
| 866 | |a Any 6 (1920), núms. 250-255, 257-262, 264-268, 270-271, 274-286 | ||
| 901 | |a Arxiu | ||
| 942 | |n 1 |2 udc |c REV | ||
| 952 | |0 0 |1 0 |2 udc |4 0 |6 REV246 |7 1 |9 49235 |a Arxiu |b Arxiu |d 2016-12-01 |h Núm. 1 (29 gener 1915) - Núm. 49 (30 desembre 1915) |o Rev-246 |p 14509 |r 2016-12-01 00:00:00 |w 2016-12-01 |y ARXIU | ||
| 952 | |0 0 |1 0 |2 udc |4 0 |6 REV247 |7 1 |9 63525 |a Arxiu |b Arxiu |d 2022-08-23 |h Núm. 50 (6 gener 1916) ; Núm. 52 (20 gener 1916) - Núm. 73 (15 juny 1916) |l 0 |o Rev-247 |p 14510 |r 2022-08-23 00:00:00 |w 2022-08-23 |y ARXIU | ||
| 952 | |0 0 |1 0 |2 udc |4 0 |6 REV248 |7 1 |9 63526 |a Arxiu |b Arxiu |d 2022-08-23 |h Núm. 102 (4 gener 1917) - Núm. 142 (27 desembre 1917) |l 0 |o Rev-248 |p 14511 |r 2022-08-23 00:00:00 |w 2022-08-23 |y ARXIU | ||
| 952 | |0 0 |1 0 |2 udc |4 0 |6 REV249 |7 1 |9 63527 |a Arxiu |b Arxiu |d 2022-08-23 |h Núm. 143 (3 gener 1918)- Núm. 183 (10 octubre 1918) ; Núm. 185 (24 octubre 1918) - Núm. 194 (26 desembre 1918) |l 0 |o Rev-249 |p 14482 |r 2022-08-23 00:00:00 |w 2022-08-23 |y ARXIU | ||
| 952 | |0 0 |1 0 |2 udc |4 0 |6 REV250 |7 1 |9 63528 |a Arxiu |b Arxiu |d 2022-08-23 |h Núm. 250 (14 febrer 1920) - Núm. 255 (20 març 1920) ; Núm. 257 (3 abril 1920) - Núm. 262 (8 maig 1920) ; Núm. 264 (22 maig 1920) - Núm. 268 (19 juny 1920) ; Núm. 270 (3 juliol 1920) - Núm. 272 (17 juliol 1920) ; Núm. 274 (31 juliol 1920) - Núm. 286 (23 octubre 1920) |l 0 |o Rev-250 |p 14483 |r 2022-08-23 00:00:00 |w 2022-08-23 |y ARXIU | ||
| 999 | |c 53075 |d 53075 | ||
| 655 | |a Revistes |9 55823 | ||